| 000 | 02215nam a2200241Ia 4500 | ||
|---|---|---|---|
| 003 | Ost | ||
| 005 | 20260507075255.0 | ||
| 008 | 260507s9999||||xx |||||||||||||| ||und|| | ||
| 040 | _cfsecg | ||
| 041 | _aara | ||
| 082 | _a330 | ||
| 100 |
_aعايب، وليد عبد الحميد _eمؤلف |
||
| 245 | 0 |
_aالآثار الاقتصادية الكلية لسياسة الانفاق الحكومي : _bدراسة تطبيقية قياسية لنماذج التنمية الاقتصادية / _c وليد عبد الحميد عايب |
|
| 260 |
_aبيروت: _bمكتبة حسن العصرية, _c2010 |
||
| 300 |
_a400 صفحة؛ _bإيضاحات ؛ _c24 سم |
||
| 504 | _aمراجع ص.392 ؛ ملاحق ص.372 قائمة الاشكال ص.21؛ قائمة الجداول ص.25 | ||
| 520 | _aدور الدولة في تحقيق الاستقرار الاقتصادي الكلي و الاطار النظري له ، السياسة الاقتصادية كأداة لتحقيق الاستقرار الاقتصادي الكلي و موقع سياسة الانفاق الحكومي من السياسة الاقتصادية ، أثر سياسة الانفاق الحكومي على : التوازن الاقتصادي ، التضخم و الاستقرار الاقتصادي الخارجي ، مراحل تطور السياسة الاقتصادية في الاقتصاد الجزائري : خلال مرحلة الاقتصاد المخطط ، اختلال الاستقرار الاقتصادي الكلي و برنامج الاصلاحات الاقتصادية ، انعكاس السياسة الاقتصادية على الاستقرار الاقتصادي خلال الفترة 1990 ــ 2007 و تطور الانفاق الحكومي خلال هذه الفترة في الجزائر ، تحليل أثر سياسة الانفاق الحكومي على مكونات العرض و الطلب و على مجملات الطلب الكلي و على المستوى العام للأسعار و التوازن الخارجي. | ||
| 653 | _aالاقتصاد | ||
| 653 | _aالاقتصاد الكلي | ||
| 653 | _aالتنمية الإقتصادية | ||
| 653 | _aالنفقات الحكومية | ||
| 942 | _cكتاب | ||
| 999 |
_c43723 _d43723 |
||